00669nam a22001937a 450000500170000001000150001702000260003203500140005803700130007208200130008510000170009824500720011526000390018727000580022630000200028494200270030499900190033195201250035020170628112946.0 aENG-118972 c450.00a9788178440934 aEN-102504 bDBAD/PUB a820.9109 aJha, Suprita aA critical study pf the prose style graham greene /cby Suprita Jha aNew DelhibK.K. Publicationsc2011 a4806/24, Bharat Ram Road, Daryaganj, New Delhi-110002 a176pc22cm.(Hb) 2ddccENh820.9109mJHA c142070d142070 001040718NFICaDBADbBNd2017-06-28eDBAD/PUBg450.00l0o820.9109 JHApEN-102504r2017-06-28 00:00:00t1v450.00yEN